书目信息 |
| 题名: |
强有力的领导
|
|
| 作者: | 培斯 , 斯蒂芬 著 ;庞佳音 , 卢桂唐 译 | |
| 分册: | ||
| 出版信息: | 北京 华夏出版社 2003.08 |
|
| 页数: | 236页 | |
| 开本: | 20cm | |
| 丛书名: | 中欧—华夏新经理人书架 | |
| 单 册: | ||
| 中图分类: | F272.91 | |
| 科图分类: | ||
| 主题词: | 企业领导学 | |
| 电子资源: | ||
| ISBN: | 7-5080-2891-0 | |
| 000 | 01050nam 22003017 450 | |
| 001 | 192004003487 | |
| 005 | 20070914105820.34 | |
| 010 | @a7-5080-2891-0@dCNY25.00 | |
| 100 | @a20070602d2003 ekmy0chiy0121 ea | |
| 101 | 1 | @achi@ceng |
| 102 | @aCN@b110000 | |
| 105 | @ay z 000yy | |
| 200 | 1 | @a强有力的领导@Ajiang you li de ling dao@d= Powerful Leadership@f(美) 埃里克·斯蒂芬, 维恩·培斯著@g庞佳音, 卢桂唐译@zeng |
| 210 | @a北京@c华夏出版社@d2003.08 | |
| 215 | @a236页@d20cm | |
| 225 | 2 | @a中欧—华夏新经理人书架@Azhong ou— hua xia xin jing li ren shu jia |
| 300 | @a并列题名:Powerful Leadership | |
| 330 | @a本书是一本企业领导学书籍,本书讲述了一种新的领导方法,它倡导尊重和释放员工的潜力。 | |
| 410 | 0 | @12001 @a中欧—华夏新经理人书架 |
| 510 | 1 | @aPowerful Leadership@zeng |
| 606 | 0 | @a企业领导学 |
| 690 | @aF272.91@v4 | |
| 701 | 1 | @a培斯@Apei si@e美@4著 |
| 701 | 1 | @a斯蒂芬@Asi di fen@e美@4著 |
| 702 | 0 | @a庞佳音@Apang jia yin@4译 |
| 702 | 0 | @a卢桂唐@Alu gui tang@4译 |
| 801 | 0 | @aCN@c20070914 |
| 905 | @dF272.91@eS708 | |
| 强有力的领导= Powerful Leadership/(美) 埃里克·斯蒂芬, 维恩·培斯著/庞佳音, 卢桂唐译.-北京:华夏出版社,2003.08 |
| 236页;20cm.-(中欧—华夏新经理人书架) |
| 并列题名:Powerful Leadership |
| ISBN 7-5080-2891-0:CNY25.00 |
| 本书是一本企业领导学书籍,本书讲述了一种新的领导方法,它倡导尊重和释放员工的潜力。 |
| ● |
| 相关链接 |
|
|
|
正题名:强有力的领导
索取号:F272.91/S708
 
预约/预借
| 序号 | 登录号 | 条形码 | 馆藏地/架位号 | 状态 | 备注 |
| 1 | 619111 | 206191119 | 社科库409/409社科库 89排2列4层/ [索取号:F272.91/S708] | 在馆 | |
| 2 | 619112 | 206191128 | 社科库409/409社科库 89排2列4层/ [索取号:F272.91/S708] | 在馆 | |
| 3 | 619113 | 206191137 | 社科库409/409社科库 89排2列4层/ [索取号:F272.91/S708] | 在馆 |